[Event "GER-chT U20 Girls"]
[Site "Naumburg Saale"]
[Date "2014.12.27"]
[Round "1.4"]
[White "Wagner, Swenja"]
[Black "Biesslich, Susan"]
[Result "1-0"]
[WhiteElo "1491"]
[BlackElo "1250"]
[PlyCount "33"]
[EventDate "2014.12.27"]
[EventType "team-swiss"]
[EventRounds "7"]
[EventCountry "GER"]
[SourceTitle "EXT 2016"]
[Source "ChessBase"]
[SourceDate "2015.10.08"]
[SourceVersion "1"]
[SourceVersionDate "2015.10.08"]
[SourceQuality "1"]
[WhiteTeam "Leegebruch"]
[BlackTeam "Ruedersdorf"]
[WhiteTeamCountry "GE2"]
[BlackTeamCountry "GER"]

1. e4 e5 2. Nc3 Nf6 3. Bc4 Nc6 4. d3 Bc5 5. Nge2 d6 6. Na4 Bb6 7. Nxb6 axb6 8. c3 h6 9. 0-0 0-0 10. f4 d5 11. exd5 Nxd5 12. Qe1 f5 13. Qg3 Kh8 14. fxe5 Nde7 15. Nf4 Nxe5 16. Nh5 g5 17. Qxe5+ 1-0

[Event "GER-chT U14 Girls"]
[Site "Magdeburg"]
[Date "2013.12.28"]
[Round "3.3"]
[White "Fuchs, Joline"]
[Black "Biesslich, Susan"]
[Result "1/2-1/2"]
[WhiteElo "1175"]
[BlackElo "1221"]
[PlyCount "120"]
[EventDate "2013.12.27"]
[EventType "team-swiss"]
[EventRounds "4"]
[EventCountry "GER"]
[SourceTitle "EXT 2015"]
[Source "ChessBase"]
[SourceDate "2014.11.20"]
[SourceVersion "1"]
[SourceVersionDate "2014.11.20"]
[SourceQuality "1"]
[WhiteTeam "Chemnitz"]
[BlackTeam "Leegebruch"]
[WhiteTeamCountry "GER"]
[BlackTeamCountry "GER"]

1. e4 e5 2. Nf3 Nc6 3. Bc4 Nf6 4. d3 Bc5 5. 0-0 d6 6. Be3 Bb6 7. c3 Bg4 8. h3 Bh5 9. Nbd2 0-0 10. a3 d5 11. Bb3 dxe4 12. dxe4 h6 13. Qe2 Qd7 14. Rad1 Rad8 15. Nc4 Qe7 16. Nxb6 axb6 17. Bc2 Nh7 18. Rd3 Rxd3 19. Bxd3 Ng5 20. Bxg5 hxg5 21. g4 Bg6 22. Nd2 Rd8 23. Rd1 Qf6 24. Bc2 Qf4 25. b4 Ne7 26. a4 Nc8 27. Kf1 Qh2 28. f3 Qh1+ 29. Kf2 Qh2+ 30. Ke1 Qg1+ 31. Nf1 Rxd1+ 32. Bxd1 Qh1 33. Qd2 Nd6 34. Qe2 Qg1 35. Bb3 Qh1 36. Bd5 Qxh3 37. Qf2 Qh1 38. Ke2 c6 39. Bb3 Qh3 40. Qxb6 Qg2+ 41. Qf2 Qxf2+ 42. Kxf2 Kf8 43. c4 Ke8 44. c5 Nc8 45. Nd2 Kd7 46. Ke3 b5 47. axb5 cxb5 48. Bd5 Ne7 49. Bb7 Kc7 50. Ba6 Nc6 51. Bxb5 Nxb4 52. Nb3 Nc2+ 53. Kd3 Ne1+ 54. Ke2 Ng2 55. Kd2 f6 56. Ke2 Bf7 57. Nd2 Nf4+ 58. Kd1 Ne6 59. Nb3 Nd8 60. Na5 Nb7 1/2-1/2

[Event "North Germany-chT U14 Girls"]
[Site "Guestrow"]
[Date "2013.09.14"]
[Round "3.3"]
[White "Meijerink, Inken"]
[Black "Biesslich, Susan"]
[Result "0-1"]
[WhiteElo "822"]
[BlackElo "1180"]
[PlyCount "76"]
[EventDate "2013.09.13"]
[EventType "team-swiss"]
[EventRounds "5"]
[EventCountry "GER"]
[SourceTitle "EXT 2017"]
[Source "ChessBase"]
[SourceDate "2016.10.25"]
[SourceVersion "1"]
[SourceVersionDate "2016.10.25"]
[SourceQuality "1"]
[WhiteTeam "Nordhorn Blanke"]
[BlackTeam "Glueck Auf Ruedersdorf"]
[WhiteTeamCountry "GER"]
[BlackTeamCountry "GER"]

1. e4 e5 2. Nf3 Nc6 3. d4 exd4 4. Nxd4 Qf6 5. Be3 Bc5 6. c3 Nge7 7. Bc4 0-0 8. Na3 a6 9. b4 Bb6 10. b5 axb5 11. Naxb5 Ne5 12. Bb3 d6 13. Qh5 Be6 14. Nxe6 fxe6 15. Bg5 Nd3+ 16. Ke2 Nf4+ 17. Bxf4 Qxf4 18. Bxe6+ Kh8 19. f3 Qe3+ 20. Kd1 Qd3+ 21. Kc1 c6 22. Qg5 Be3+ 23. Qxe3 Qxe3+ 24. Kb2 Qe2+ 25. Kb3 Qxb5+ 26. Kc2 Ra3 27. Rab1 Rxa2+ 28. Kc1 Qd3 29. Bxa2 Ra8 30. Bb3 Qxc3+ 31. Kd1 Qd3+ 32. Kc1 Ra5 33. Rd1 Qc3+ 34. Bc2 Ra2 35. Rd2 Qa3+ 36. Kd1 Qe3 37. Rxd6 Qg1+ 38. Kd2 Qf2+ 0-1

[Event "GER-chT North U14 Girls"]
[Site "Guestrow"]
[Date "2012.09.09"]
[Round "5.2"]
[White "Biesslich, Susan"]
[Black "Rudenko, Katharina"]
[Result "0-1"]
[WhiteElo "962"]
[BlackElo "875"]
[PlyCount "96"]
[EventDate "2012.09.07"]
[EventType "team-swiss"]
[EventRounds "5"]
[EventCountry "GER"]
[SourceTitle "EXT 2015"]
[Source "ChessBase"]
[SourceDate "2014.11.20"]
[SourceVersion "1"]
[SourceVersionDate "2014.11.20"]
[SourceQuality "1"]
[WhiteTeam "Ruedersdorf"]
[BlackTeam "Hamburger SK"]
[WhiteTeamCountry "GER"]
[BlackTeamCountry "GER"]

1. e4 c5 2. Nf3 Nc6 3. d4 cxd4 4. Nxd4 Nf6 5. Nc3 e5 6. Nf3 Bb4 7. Bd3 d5 8. Bg5 d4 9. a3 dxc3 10. axb4 cxb2 11. Rb1 Nxb4 12. Rxb2 Nxd3+ 13. cxd3 Qa5+ 14. Bd2 Qa3 15. Rb3 Qd6 16. 0-0 0-0 17. Bb4 Qc7 18. Bxf8 Be6 19. Rb5 Kxf8 20. Rxe5 Ng4 21. Qc1 Qxc1 22. Rxc1 Nxe5 23. Nxe5 a5 24. Ra1 a4 25. Kf1 Ke7 26. f4 a3 27. Ke2 Kd6 28. d4 f6 29. Kd3 fxe5 30. fxe5+ Kc6 31. Rc1+ Kb5 32. Kc3 a2 33. Ra1 Rc8+ 34. Kb2 Kb4 35. d5 Bg4 36. Kxa2 Rc2+ 37. Kb1 Rxg2 38. Ra2 Rxa2 39. Kxa2 Kc5 40. Kb3 Kd4 41. h3 Bxh3 42. e6 Kxe4 43. e7 Bd7 44. Kc4 Ke5 45. Kc5 Kf6 46. Kd6 Ba4 47. Kc7 Kxe7 48. d6+ Ke6 0-1